| 000 | 00889pam a2200277 a 4500 | ||
|---|---|---|---|
| 001 | 897637 | ||
| 003 | Nust- CAS-E | ||
| 005 | 20180118181402.0 | ||
| 008 | 810317s1982 njua b 001 0 eng | ||
| 010 | _a 81004355 | ||
| 020 | _a0138222703 | ||
| 040 |
_aDLC _cDLC _dDLC |
||
| 050 | 0 | 0 |
_aTK2960 _b.G73 |
| 082 | 0 | 0 |
_a621.31/244 _219 _bGre 1982 |
| 100 | 1 | _aGreen, Martin A. | |
| 245 | 1 | 0 |
_aSolar cells : _boperating principles, technology, and system applications / _cMartin A. Green. |
| 260 |
_aEnglewood Cliffs, NJ : _bPrentice-Hall, _cc1982. |
||
| 300 |
_axiv, 274 p. : _bill. ; _c24 cm. |
||
| 440 | 0 | _aPrentice-Hall series in solid state physical electronics | |
| 500 | _aIncludes index. | ||
| 504 | _aBibliography: p. 269. | ||
| 650 | 0 | _aSolar cells. | |
| 650 | 0 | _aPhotovoltaic power generation. | |
| 906 |
_a7 _bcbc _corignew _d1 _eocip _f19 _gy-gencatlg |
||
| 942 |
_2ddc _cBK |
||
| 999 |
_c355470 _d355470 |
||